[Event "46th Greek Team Championship"]
[Site "chess24.com"]
[Date "2018.07.14"]
[Round "6"]
[White "Papageorgiou, Ioannis"]
[Black "Deligiannis, Paraskevas"]
[Result "0-1"]
[Board "2"]
[WhiteElo "1983"]
[WhiteCountry "GRE"]
[WhiteFideId "4220056"]
[WhiteEloChange "-8"]
[BlackElo "2061"]
[BlackCountry "GRE"]
[BlackFideId "4240197"]
[BlackEloChange "8"]

1. e4 {[%clk 1:30:29]} d5 {[%clk 1:30:29]} 2. exd5 {[%clk 1:30:34]} Qxd5 {[%clk
1:30:53]} 3. Nf3 {[%clk 1:29:41]} Nf6 {[%clk 1:30:20]} 4. Be2 {[%clk 1:29:49]}
Bf5 {[%clk 1:29:22]} 5. O-O {[%clk 1:20:43]} c6 {[%clk 1:27:02]} 6. c4 {[%clk
1:14:27]} Qa5 {[%clk 1:25:28]} 7. a3 {[%clk 1:10:48]} e6 {[%clk 1:23:50]} 8. b4
{[%clk 1:06:02]} Qc7 {[%clk 1:19:16]} 9. d4 {[%clk 1:03:47]} a5 {[%clk 1:13:43]}
10. b5 {[%clk 0:56:34]} cxb5 {[%clk 1:13:00]} 11. Nc3 {[%clk 0:39:31]} bxc4
{[%clk 0:57:13]} 12. Nb5 {[%clk 0:38:29]} Qb6 {[%clk 0:50:23]} 13. Qa4 {[%clk
0:37:06]} Nc6 {[%clk 0:47:36]} 14. Ne5 {[%clk 0:34:25]} Nd5 {[%clk 0:39:44]} 15.
Bg5 {[%clk 0:26:28]} f6 {[%clk 0:37:17]} 16. Nxc4 {[%clk 0:23:26]} Qd8 {[%clk
0:37:34]} 17. Bh4 {[%clk 0:22:07]} Be7 {[%clk 0:21:04]} 18. Bg3 {[%clk 0:18:30]}
O-O {[%clk 0:21:10]} 19. Rac1 {[%clk 0:17:02]} Bg6 {[%clk 0:11:57]} 20. Rfe1
{[%clk 0:16:48]} Qd7 {[%clk 0:11:03]} 21. Bf3 {[%clk 0:12:26]} Nxd4 {[%clk
0:06:27]} 22. Bxd5 {[%clk 0:12:39]} Qxb5 {[%clk 0:04:26]} 23. Bxe6+ {[%clk
0:07:35]} Bf7 {[%clk 0:04:50]} 24. Qxb5 {[%clk 0:07:37]} Nxb5 {[%clk 0:05:15]}
25. Bd7 {[%clk 0:07:19]} Bxc4 {[%clk 0:04:31]} 26. Rxc4 {[%clk 0:07:23]} Nxa3
{[%clk 0:04:35]} 27. Rxe7 {[%clk 0:07:18]} Nxc4 {[%clk 0:04:51]} 28. Be6+ {[%clk
0:07:40]} Kh8 {[%clk 0:05:15]} 29. Bxc4 {[%clk 0:08:02]} Rfc8 {[%clk 0:04:02]}
30. Bf1 {[%clk 0:08:25]} a4 {[%clk 0:03:52]} 31. Rxb7 {[%clk 0:07:30]} a3 {[%clk
0:04:18]} 32. Rb1 {[%clk 0:07:54]} a2 {[%clk 0:04:32]} 33. Ra1 {[%clk 0:08:19]}
Rc3 {[%clk 0:03:36]} 34. f3 {[%clk 0:05:37]} Rb3 {[%clk 0:03:25]} 35. Bf2 {[%clk
0:05:26]} Rb1 {[%clk 0:03:43]} 36. Bd4 {[%clk 0:05:48]} Rxa1 {[%clk 0:03:41]} 37.
Bxa1 {[%clk 0:06:02]} Rc8 {[%clk 0:03:11]} 38. Bd4 {[%clk 0:05:24]} Rc1 {[%clk
0:03:16]} 39. Kf2 {[%clk 0:05:39]} a1Q {[%clk 0:02:57]} 40. Bxa1 {[%clk 0:36:01]}
Rxa1 {[%clk 0:33:24]} 41. Bc4 {[%clk 0:36:16]} g5 {[%clk 0:32:08]} 42. g4 {[%clk
0:35:54]} Kg7 {[%clk 0:31:09]} 43. Bd5 {[%clk 0:35:57]} h6 {[%clk 0:30:16]} 44.
Kg3 {[%clk 0:34:29]} Ra3 {[%clk 0:29:43]} 45. Be4 {[%clk 0:34:19]} Kf7 {[%clk
0:29:51]} 46. Bd5+ {[%clk 0:33:44]} Ke7 {[%clk 0:29:49]} 47. Be4 {[%clk 0:33:07]}
Kd6 {[%clk 0:30:10]} 48. Bf5 {[%clk 0:33:20]} Ke5 {[%clk 0:30:26]} 49. Be4 {[%clk
0:32:53]} Kd4 {[%clk 0:30:46]} 50. Bb7 {[%clk 0:33:00]} Ke3 {[%clk 0:30:41]} 51.
Bd5 {[%clk 0:32:54]} Ra1 {[%clk 0:30:25]} 52. Kg2 {[%clk 0:26:46]} Kf4 {[%clk
0:30:26]} 53. Bb7 {[%clk 0:26:48]} Ra2+ {[%clk 0:30:32]} 54. Kh3 {[%clk 0:26:50]}
Rb2 {[%clk 0:23:37]} 55. Bd5 {[%clk 0:26:46]} Rf2 {[%clk 0:19:33]} 56. Bc6 {[%clk
0:16:18]} f5 {[%clk 0:18:59]} 57. Bd5 {[%clk 0:15:01]} h5 {[%clk 0:18:42]} 0-1

[Event "46th Greek Team Championship"]
[Site "chess24.com"]
[Date "2018.07.14"]
[Round "6"]
[White "Gioutsou, Miranta"]
[Black "Fertaki, Eleftheria"]
[Result "1-0"]
[Board "6"]
[WhiteElo "1467"]
[WhiteCountry "GRE"]
[WhiteFideId "25838296"]
[WhiteEloChange "3"]
[BlackElo "1139"]
[BlackCountry "GRE"]
[BlackFideId "25803204"]
[BlackEloChange "-3"]

1. e4 {[%clk 1:30:58]} c5 {[%clk 1:30:50]} 2. Nf3 {[%clk 1:31:22]} e6 {[%clk
1:30:58]} 3. c3 {[%clk 1:31:44]} Nf6 {[%clk 1:30:58]} 4. Bd3 {[%clk 1:31:59]} Nc6
{[%clk 1:24:37]} 5. Bc2 {[%clk 1:32:12]} Qc7 {[%clk 1:22:44]} 6. d4 {[%clk
1:29:01]} cxd4 {[%clk 1:22:48]} 7. cxd4 {[%clk 1:29:19]} d6 {[%clk 1:21:13]} 8.
O-O {[%clk 1:28:41]} g6 {[%clk 1:16:36]} 9. Nc3 {[%clk 1:26:18]} a6 {[%clk
1:15:20]} 10. Re1 {[%clk 1:22:10]} Bg7 {[%clk 1:14:19]} 11. a3 {[%clk 1:09:58]}
O-O {[%clk 1:11:38]} 12. h3 {[%clk 1:01:16]} Re8 {[%clk 1:06:30]} 13. Be3 {[%clk
0:58:32]} Bd7 {[%clk 0:59:45]} 14. Rc1 {[%clk 0:46:44]} Rac8 {[%clk 0:55:30]} 15.
Bb1 {[%clk 0:39:01]} Qb8 {[%clk 0:52:56]} 16. b4 {[%clk 0:33:00]} b5 {[%clk
0:50:16]} 17. Qd3 {[%clk 0:27:51]} Ne7 {[%clk 0:46:11]} 18. Ba2 {[%clk 0:23:34]}
Nc6 {[%clk 0:35:59]} 19. Bf4 {[%clk 0:18:16]} e5 {[%clk 0:29:53]} 20. dxe5 {[%clk
0:17:55]} dxe5 {[%clk 0:28:59]} 21. Be3 {[%clk 0:17:03]} Be6 {[%clk 0:28:44]} 22.
Bxe6 {[%clk 0:16:03]} Rxe6 {[%clk 0:28:41]} 23. Red1 {[%clk 0:12:22]} Rd8 {[%clk
0:27:53]} 24. Nd5 {[%clk 0:10:21]} Nxd5 {[%clk 0:21:51]} 25. exd5 {[%clk
0:10:43]} Red6 {[%clk 0:20:02]} 26. Qb3 {[%clk 0:10:28]} Ne7 {[%clk 0:18:59]} 27.
Bc5 {[%clk 0:09:49]} R6d7 {[%clk 0:18:57]} 28. Bxe7 {[%clk 0:08:02]} Rxe7 {[%clk
0:19:17]} 29. Rc6 {[%clk 0:06:24]} Rd6 {[%clk 0:12:59]} 30. Qc2 {[%clk 0:05:07]}
Rxc6 {[%clk 0:12:48]} 31. dxc6 {[%clk 0:04:40]} Qc7 {[%clk 0:10:55]} 32. Rd5
{[%clk 0:01:52]} Re6 {[%clk 0:10:28]} 33. Rc5 {[%clk 0:01:57]} h6 {[%clk
0:08:25]} 34. Nd2 {[%clk 0:01:41]} Bf8 {[%clk 0:06:28]} 35. Rc3 {[%clk 0:01:53]}
Bg7 {[%clk 0:05:58]} 36. Ne4 {[%clk 0:01:22]} Bf8 {[%clk 0:04:47]} 37. Nd2 {[%clk
0:01:20]} Bg7 {[%clk 0:04:55]} 38. Qe4 {[%clk 0:01:02]} Rd6 {[%clk 0:04:38]} 39.
Qc2 {[%clk 0:00:59]} Bf8 {[%clk 0:04:13]} 40. Nb3 {[%clk 0:30:47]} Re6 {[%clk
0:32:54]} 41. Na5 {[%clk 0:30:45]} e4 {[%clk 0:28:53]} 42. Re3 {[%clk 0:25:14]}
Qc8 {[%clk 0:21:48]} 43. Rxe4 {[%clk 0:19:17]} Rd6 {[%clk 0:21:07]} 44. Re1
{[%clk 0:18:17]} Rf6 {[%clk 0:15:44]} 45. Rc1 {[%clk 0:08:58]} Bd6 {[%clk
0:11:59]} 46. Qe4 {[%clk 0:06:40]} Re6 {[%clk 0:11:42]} 47. Qd5 {[%clk 0:05:54]}
Qc7 {[%clk 0:06:17]} 48. Nb7 {[%clk 0:03:52]} Bf4 {[%clk 0:04:21]} 49. Qd7 {[%clk
0:01:10]} Kg7 {[%clk 0:02:37]} 50. Qxc7 {[%clk 0:01:15]} Bxc7 {[%clk 0:02:57]}
51. g3 {[%clk 0:01:04]} Rf6 {[%clk 0:02:09]} 52. Kg2 {[%clk 0:01:09]} Kf8 {[%clk
0:02:20]} 53. Na5 {[%clk 0:01:04]} Rd6 {[%clk 0:01:46]} 54. Nb7 {[%clk 0:00:57]}
Rf6 {[%clk 0:01:52]} 55. Nc5 {[%clk 0:01:14]} Kg7 {[%clk 0:00:40]} 56. Nxa6
{[%clk 0:01:31]} Bb6 {[%clk 0:00:50]} 57. c7 {[%clk 0:01:18]} Rxf2+ {[%clk
0:00:57]} 58. Kh1 {[%clk 0:01:42]} Bxc7 {[%clk 0:01:13]} 59. Nxc7 {[%clk
0:01:53]} Rf3 {[%clk 0:01:29]} 60. Nxb5 {[%clk 0:02:08]} Rxg3 {[%clk 0:01:47]}
61. Kh2 {[%clk 0:02:16]} Rb3 {[%clk 0:01:56]} 62. Ra1 {[%clk 0:02:04]} Rb2+
{[%clk 0:02:17]} 63. Kh1 {[%clk 0:02:27]} Rb3 {[%clk 0:02:24]} 64. Kg2 {[%clk
0:02:04]} Rb2+ {[%clk 0:02:39]} 65. Kg3 {[%clk 0:02:08]} Rb3+ {[%clk 0:03:02]}
66. Kf4 {[%clk 0:00:46]} Rxh3 {[%clk 0:03:08]} 67. Nd4 {[%clk 0:00:45]} Rd3
{[%clk 0:02:20]} 68. Ke4 {[%clk 0:00:58]} Rc3 {[%clk 0:02:39]} 69. a4 {[%clk
0:01:15]} Rc4 {[%clk 0:02:50]} 70. a5 {[%clk 0:01:37]} Rxb4 {[%clk 0:02:53]} 71.
a6 {[%clk 0:02:01]} Rb8 {[%clk 0:03:01]} 72. a7 {[%clk 0:02:24]} Re8+ {[%clk
0:03:18]} 73. Kd3 {[%clk 0:02:47]} Ra8 {[%clk 0:03:34]} 74. Nb5 {[%clk 0:03:06]}
h5 {[%clk 0:03:42]} 75. Nc7 {[%clk 0:03:18]} Rd8+ {[%clk 0:03:58]} 76. Ke4 {[%clk
0:03:38]} f5+ {[%clk 0:04:09]} 77. Ke5 {[%clk 0:03:49]} Kf7 {[%clk 0:04:24]} 78.
a8Q {[%clk 0:04:06]} Rxa8 {[%clk 0:04:47]} 79. Rxa8 {[%clk 0:04:28]} 1-0

[Event "46th Greek Team Championship"]
[Site "chess24.com"]
[Date "2018.07.14"]
[Round "6"]
[White "Kollias, Dimitrios"]
[Black "Tzachristas, Georgios"]
[Result "1-0"]
[Board "9"]
[WhiteElo "1460"]
[WhiteCountry "GRE"]
[WhiteFideId "4291883"]
[WhiteEloChange "4"]
[BlackElo "1191"]
[BlackCountry "GRE"]
[BlackFideId "25838326"]
[BlackEloChange "-4"]

1. e4 {[%clk 1:31:27]} d5 {[%clk 1:31:11]} 2. exd5 {[%clk 1:31:54]} Nf6 {[%clk
1:31:25]} 3. d4 {[%clk 1:32:21]} Bg4 {[%clk 1:31:45]} 4. f3 {[%clk 1:32:48]} Bf5
{[%clk 1:32:03]} 5. c4 {[%clk 1:33:15]} e6 {[%clk 1:32:25]} 6. g4 {[%clk
1:33:19]} Bg6 {[%clk 1:32:44]} 7. Nc3 {[%clk 1:33:39]} exd5 {[%clk 1:25:28]} 8.
g5 {[%clk 1:34:05]} Nfd7 {[%clk 1:25:31]} 9. Nxd5 {[%clk 1:34:31]} Nc6 {[%clk
1:23:53]} 10. Qe2+ {[%clk 1:32:26]} Be7 {[%clk 1:23:52]} 11. Nxe7 {[%clk
1:30:45]} Nxe7 {[%clk 1:23:05]} 12. h4 {[%clk 1:29:52]} Bh5 {[%clk 1:12:17]} 13.
Nh3 {[%clk 1:26:29]} O-O {[%clk 1:01:16]} 14. Kf2 {[%clk 1:25:55]} Ng6 {[%clk
0:55:29]} 15. Nf4 {[%clk 1:24:37]} Re8 {[%clk 0:50:58]} 16. Qd3 {[%clk 1:22:20]}
Nxf4 {[%clk 0:45:58]} 17. Bxf4 {[%clk 1:22:43]} c6 {[%clk 0:44:10]} 18. Qc3
{[%clk 1:15:50]} Qe7 {[%clk 0:32:26]} 19. Bd3 {[%clk 1:14:09]} Nb6 {[%clk
0:29:00]} 20. b3 {[%clk 1:06:36]} Rad8 {[%clk 0:24:04]} 21. Rad1 {[%clk 1:03:49]}
Qd7 {[%clk 0:15:52]} 22. Be4 {[%clk 1:01:46]} Rxe4 {[%clk 0:11:10]} 23. fxe4
{[%clk 1:01:47]} Bxd1 {[%clk 0:11:34]} 24. Rxd1 {[%clk 1:02:11]} Qg4 {[%clk
0:11:57]} 25. Qf3 {[%clk 0:59:56]} Qxh4+ {[%clk 0:12:13]} 26. Ke3 {[%clk
1:00:06]} h5 {[%clk 0:11:31]} 27. Rh1 {[%clk 0:59:15]} Qg4 {[%clk 0:11:48]} 28.
Qxg4 {[%clk 0:59:35]} hxg4 {[%clk 0:12:03]} 29. Rh4 {[%clk 0:58:18]} Nd7 {[%clk
0:09:19]} 30. Rxg4 {[%clk 0:58:12]} g6 {[%clk 0:08:39]} 31. Bd6 {[%clk 0:55:31]}
Kg7 {[%clk 0:05:19]} 32. Rh4 {[%clk 0:55:01]} Rc8 {[%clk 0:03:05]} 33. e5 {[%clk
0:53:51]} c5 {[%clk 0:01:25]} 34. dxc5 {[%clk 0:52:29]} Nxc5 {[%clk 0:01:42]} 35.
Be7 {[%clk 0:52:22]} Nd7 {[%clk 0:01:19]} 36. Kd4 {[%clk 0:49:53]} Rc6 {[%clk
0:01:29]} 37. Bf6+ {[%clk 0:48:49]} Nxf6 {[%clk 0:01:49]} 38. exf6+ {[%clk
0:47:55]} Kg8 {[%clk 0:02:11]} 39. Kd5 {[%clk 1:18:02]} Ra6 {[%clk 0:32:15]} 40.
a4 {[%clk 1:18:17]} Rb6 {[%clk 0:20:23]} 41. Rh3 {[%clk 1:18:17]} Re6 {[%clk
0:04:33]} 42. a5 {[%clk 1:17:32]} Ra6 {[%clk 0:00:48]} 43. b4 {[%clk 1:16:56]} b6
{[%clk 0:00:43]} 44. Ra3 {[%clk 1:14:16]} bxa5 {[%clk 0:00:45]} 45. Rxa5 {[%clk
1:14:34]} Rb6 {[%clk 0:00:51]} 46. b5 {[%clk 1:14:20]} Rb7 {[%clk 0:00:43]} 47.
Kc6 {[%clk 1:14:44]} Rb8 {[%clk 0:00:46]} 48. Rxa7 {[%clk 1:14:57]} Rc8+ {[%clk
0:01:07]} 49. Rc7 {[%clk 1:15:18]} Re8 {[%clk 0:01:31]} 50. b6 {[%clk 1:15:26]}
Re6+ {[%clk 0:01:18]} 51. Kb5 {[%clk 1:15:46]} Re5+ {[%clk 0:00:47]} 52. Rc5
{[%clk 1:16:11]} Rxc5+ {[%clk 0:00:38]} 53. Kxc5 {[%clk 1:16:36]} Kh8 {[%clk
0:00:55]} 54. b7 {[%clk 1:17:02]} Kh7 {[%clk 0:01:20]} 55. Kc6 {[%clk 1:17:29]}
Kg8 {[%clk 0:01:38]} 56. b8Q+ {[%clk 1:17:53]} Kh7 {[%clk 0:02:04]} 57. Qc7
{[%clk 1:18:18]} Kg8 {[%clk 0:02:23]} 58. Qe7 {[%clk 1:18:38]} Kh8 {[%clk
0:02:41]} 59. Qf8+ {[%clk 1:19:04]} 1-0

[Event "46th Greek Team Championship"]
[Site "chess24.com"]
[Date "2018.07.14"]
[Round "6"]
[White "Thanopoulos, Kleanthis"]
[Black "Rousis, Mihail"]
[Result "0-1"]
[Board "4"]
[WhiteElo "1454"]
[WhiteCountry "GRE"]
[WhiteFideId "25820826"]
[WhiteEloChange "-2"]
[BlackElo "2048"]
[BlackCountry "GRE"]
[BlackFideId "4216083"]
[BlackEloChange "2"]

1. e4 {[%clk 1:30:56]} g6 {[%clk 1:30:31]} 2. Nf3 {[%clk 1:29:50]} Bg7 {[%clk
1:30:56]} 3. Bc4 {[%clk 1:29:36]} c5 {[%clk 1:30:51]} 4. d3 {[%clk 1:27:33]} e6
{[%clk 1:29:36]} 5. Nc3 {[%clk 1:26:47]} Ne7 {[%clk 1:28:51]} 6. O-O {[%clk
1:21:37]} d5 {[%clk 1:27:24]} 7. exd5 {[%clk 1:15:29]} exd5 {[%clk 1:27:46]} 8.
Bb5+ {[%clk 1:12:32]} Nbc6 {[%clk 1:27:45]} 9. Re1 {[%clk 1:09:02]} O-O {[%clk
1:27:03]} 10. Bg5 {[%clk 1:04:53]} f6 {[%clk 1:26:54]} 11. Bf4 {[%clk 1:02:30]}
Bg4 {[%clk 1:26:30]} 12. h3 {[%clk 0:52:45]} Bxf3 {[%clk 1:26:09]} 13. Qxf3
{[%clk 0:52:30]} Nd4 {[%clk 1:26:12]} 14. Qd1 {[%clk 0:50:49]} Nef5 {[%clk
1:16:02]} 15. Ba4 {[%clk 0:46:52]} Rc8 {[%clk 1:08:00]} 16. Ne2 {[%clk 0:29:54]}
Nxe2+ {[%clk 0:46:02]} 17. Qxe2 {[%clk 0:26:36]} Nd4 {[%clk 0:46:08]} 18. Qd1
{[%clk 0:23:04]} b5 {[%clk 0:45:12]} 19. c3 {[%clk 0:23:06]} bxa4 {[%clk
0:41:33]} 20. cxd4 {[%clk 0:23:11]} Qd7 {[%clk 0:41:08]} 21. dxc5 {[%clk
0:20:35]} Rxc5 {[%clk 0:41:13]} 22. Qd2 {[%clk 0:17:46]} Rfc8 {[%clk 0:34:16]}
23. Rac1 {[%clk 0:14:44]} Rxc1 {[%clk 0:32:01]} 24. Rxc1 {[%clk 0:15:07]} Rxc1+
{[%clk 0:31:58]} 25. Qxc1 {[%clk 0:15:30]} f5 {[%clk 0:31:00]} 26. b4 {[%clk
0:10:53]} axb3 {[%clk 0:30:53]} 27. axb3 {[%clk 0:11:14]} h5 {[%clk 0:30:12]} 28.
Qc5 {[%clk 0:10:26]} a6 {[%clk 0:27:55]} 29. Qb6 {[%clk 0:10:06]} Qe8 {[%clk
0:22:24]} 30. b4 {[%clk 0:07:14]} Kh7 {[%clk 0:18:20]} 31. Be3 {[%clk 0:03:40]}
Qb5 {[%clk 0:18:15]} 32. Qxb5 {[%clk 0:02:08]} axb5 {[%clk 0:18:40]} 33. Kf1
{[%clk 0:02:18]} Bc3 {[%clk 0:17:31]} 34. Bc5 {[%clk 0:02:41]} Kg7 {[%clk
0:17:25]} 35. Ke2 {[%clk 0:02:48]} Kf6 {[%clk 0:17:23]} 36. d4 {[%clk 0:02:08]}
f4 {[%clk 0:14:40]} 37. Kd3 {[%clk 0:02:04]} Ba1 {[%clk 0:13:07]} 38. Bd6 {[%clk
0:02:04]} f3 {[%clk 0:11:13]} 39. g3 {[%clk 0:01:08]} Kf5 {[%clk 0:11:10]} 40.
Ke3 {[%clk 0:31:12]} g5 {[%clk 0:41:30]} 41. Kxf3 {[%clk 0:29:48]} Bxd4 {[%clk
0:40:46]} 42. g4+ {[%clk 0:28:17]} Ke6 {[%clk 0:40:08]} 43. Bf8 {[%clk 0:28:20]}
h4 {[%clk 0:39:31]} 44. Ke2 {[%clk 0:26:53]} Bf6 {[%clk 0:35:13]} 45. Kd3 {[%clk
0:25:59]} Ke5 {[%clk 0:35:22]} 46. Ke2 {[%clk 0:22:48]} Kd4 {[%clk 0:35:31]} 47.
f4 {[%clk 0:19:29]} gxf4 {[%clk 0:35:22]} 48. Kf3 {[%clk 0:19:20]} Kc3 {[%clk
0:34:07]} 49. Kxf4 {[%clk 0:16:48]} d4 {[%clk 0:34:30]} 50. Kf5 {[%clk 0:17:02]}
Bh8 {[%clk 0:33:37]} 51. Bh6 {[%clk 0:09:07]} d3 {[%clk 0:33:53]} 52. Kg6 {[%clk
0:09:14]} d2 {[%clk 0:33:55]} 53. Bxd2+ {[%clk 0:09:39]} Kxd2 {[%clk 0:34:22]}
54. g5 {[%clk 0:08:12]} Kc3 {[%clk 0:34:43]} 55. Kh5 {[%clk 0:08:11]} Kxb4 {[%clk
0:35:08]} 56. Kxh4 {[%clk 0:08:25]} Kc4 {[%clk 0:35:24]} 57. Kh5 {[%clk 0:08:29]}
b4 {[%clk 0:35:48]} 58. Kh6 {[%clk 0:08:46]} b3 {[%clk 0:36:12]} 59. g6 {[%clk
0:09:05]} b2 {[%clk 0:36:35]} 60. h4 {[%clk 0:08:56]} b1Q {[%clk 0:36:51]} 61. h5
{[%clk 0:09:07]} Qb2 {[%clk 0:36:49]} 0-1

[Event "46th Greek Team Championship"]
[Site "chess24.com"]
[Date "2018.07.14"]
[Round "6"]
[White "Tzikas, Athanasios G"]
[Black "Rousis, Chrysostomos"]
[Result "0-1"]
[Board "10"]
[WhiteElo "1251"]
[WhiteCountry "GRE"]
[WhiteFideId "25852604"]
[WhiteEloChange "-4"]
[BlackElo "1483"]
[BlackCountry "CYP"]
[BlackFideId "5902860"]
[BlackEloChange "4"]

1. e4 {[%clk 1:30:57]} c5 {[%clk 1:30:52]} 2. Nf3 {[%clk 1:31:21]} d6 {[%clk
1:31:18]} 3. d4 {[%clk 1:31:42]} cxd4 {[%clk 1:31:41]} 4. Nxd4 {[%clk 1:32:02]}
Nf6 {[%clk 1:32:02]} 5. Nc3 {[%clk 1:32:09]} a6 {[%clk 1:32:16]} 6. Be2 {[%clk
1:32:03]} e5 {[%clk 1:32:30]} 7. Nb3 {[%clk 1:32:16]} Be7 {[%clk 1:32:52]} 8. O-O
{[%clk 1:31:19]} O-O {[%clk 1:33:12]} 9. Be3 {[%clk 1:30:26]} Be6 {[%clk
1:33:28]} 10. f3 {[%clk 1:17:58]} Nbd7 {[%clk 1:32:29]} 11. Qd2 {[%clk 1:16:21]}
Rc8 {[%clk 1:31:59]} 12. Rad1 {[%clk 1:09:01]} h6 {[%clk 1:30:07]} 13. Qe1 {[%clk
1:07:12]} Nb6 {[%clk 1:25:55]} 14. Qf2 {[%clk 1:05:22]} Nc4 {[%clk 1:24:55]} 15.
Bxc4 {[%clk 1:01:31]} Bxc4 {[%clk 1:22:00]} 16. Rfe1 {[%clk 1:01:34]} b5 {[%clk
1:21:23]} 17. f4 {[%clk 0:59:30]} exf4 {[%clk 1:05:25]} 18. Bxf4 {[%clk 0:59:04]}
Qc7 {[%clk 0:58:47]} 19. Qg3 {[%clk 0:44:33]} Qb6+ {[%clk 0:53:35]} 20. Be3
{[%clk 0:43:20]} Qc7 {[%clk 0:50:44]} 21. Bxh6 {[%clk 0:43:06]} Ne8 {[%clk
0:47:44]} 22. Bf4 {[%clk 0:39:51]} b4 {[%clk 0:43:54]} 23. Nd5 {[%clk 0:38:28]}
Bxd5 {[%clk 0:44:08]} 24. exd5 {[%clk 0:37:52]} Bf6 {[%clk 0:43:46]} 25. Rb1
{[%clk 0:34:15]} Qd8 {[%clk 0:41:53]} 26. Qd3 {[%clk 0:31:48]} Nc7 {[%clk
0:41:39]} 27. Bd2 {[%clk 0:29:14]} Rb8 {[%clk 0:38:16]} 28. c3 {[%clk 0:27:47]}
bxc3 {[%clk 0:38:12]} 29. Bxc3 {[%clk 0:28:04]} Bxc3 {[%clk 0:37:47]} 30. bxc3
{[%clk 0:28:11]} Qg5 {[%clk 0:33:33]} 31. Rbd1 {[%clk 0:23:13]} Rfe8 {[%clk
0:31:40]} 32. Rxe8+ {[%clk 0:23:05]} Rxe8 {[%clk 0:31:58]} 33. Qc4 {[%clk
0:21:46]} Qe3+ {[%clk 0:31:31]} 34. Kf1 {[%clk 0:21:08]} Nb5 {[%clk 0:31:15]} 35.
Rc1 {[%clk 0:15:12]} Re4 {[%clk 0:25:15]} 36. Qc8+ {[%clk 0:14:57]} Kh7 {[%clk
0:23:38]} 37. Qh3+ {[%clk 0:15:21]} Qxh3 {[%clk 0:24:03]} 38. gxh3 {[%clk
0:15:44]} Rc4 {[%clk 0:24:01]} 39. Na5 {[%clk 0:12:25]} Rxc3 {[%clk 0:23:06]} 40.
Rxc3 {[%clk 0:42:50]} Nxc3 {[%clk 0:53:27]} 41. Nb7 {[%clk 0:43:12]} Nxd5 {[%clk
0:53:40]} 42. Nxd6 {[%clk 0:43:27]} Kg6 {[%clk 0:52:59]} 43. Kf2 {[%clk 0:43:23]}
Nc3 {[%clk 0:51:07]} 44. a3 {[%clk 0:42:51]} Nb5 {[%clk 0:51:29]} 45. Nc4 {[%clk
0:41:19]} Nc3 {[%clk 0:49:38]} 46. Kf3 {[%clk 0:40:04]} f5 {[%clk 0:46:11]} 47.
Kf4 {[%clk 0:38:52]} Kf6 {[%clk 0:45:58]} 48. h4 {[%clk 0:38:49]} Nd5+ {[%clk
0:44:56]} 49. Kf3 {[%clk 0:35:56]} Kg6 {[%clk 0:37:56]} 50. Ne3 {[%clk 0:32:37]}
Nxe3 {[%clk 0:25:50]} 51. Kxe3 {[%clk 0:33:00]} Kf6 {[%clk 0:23:28]} 52. Kf4
{[%clk 0:32:29]} g6 {[%clk 0:22:28]} 53. h3 {[%clk 0:31:50]} Kf7 {[%clk 0:14:55]}
54. Kg5 {[%clk 0:30:25]} Ke6 {[%clk 0:14:18]} 55. Kxg6 {[%clk 0:30:20]} f4 {[%clk
0:14:43]} 56. h5 {[%clk 0:30:44]} f3 {[%clk 0:15:10]} 57. h6 {[%clk 0:31:12]} f2
{[%clk 0:15:35]} 58. h7 {[%clk 0:31:29]} f1Q {[%clk 0:15:56]} 59. h8Q {[%clk
0:31:38]} Qf5+ {[%clk 0:16:25]} 60. Kg7 {[%clk 0:31:07]} Qg5+ {[%clk 0:14:20]}
61. Kh7 {[%clk 0:29:59]} Kf7 {[%clk 0:14:08]} 0-1